000 00618nam a2200229Ia 4500
003 OSt
005 20220924113115.0
006 a|||||r|||| 00| 0
007 ta
008 220923b |||||||| |||| 00| 0 eng d
024 _a59615
037 _cDictionary
040 _aARTS
_cARTS
_beng
041 _2eng
_aeng
082 _aP654:4k, 111F5.2 (906)
100 _aRobinson Charles Henry
_964677
245 0 _aDictionary of the Hausa language
260 _c1925
650 _aLINGUISTICS
942 _hP654:4k, 111F5.2 (906)
_cdic
_2cc
999 _c389255
_d389255